Loading...
| Current Events | 4 | 12.50 | 50% | 75% | 0% |
| Fine Arts - Classical Music | 6 | 6.67 | 33% | 33% | 0% |
| Fine Arts - Other Fine Arts | 4 | 12.50 | 100% | 25% | 0% |
| Geography | 2 | 10.00 | 50% | 50% | 0% |
| History - American History | 2 | 15.00 | 100% | 50% | 0% |
| History - European History | 4 | 15.00 | 100% | 50% | 0% |
| History - Other History | 6 | 16.67 | 100% | 50% | 17% |
| History - World History | 6 | 18.33 | 100% | 67% | 17% |
| Literature - American Literature | 4 | 17.50 | 100% | 75% | 0% |
| Literature - British Literature | 2 | 15.00 | 100% | 50% | 0% |
| Literature - European Literature | 3 | 16.67 | 100% | 33% | 33% |
| Literature - World Literature | 2 | 15.00 | 100% | 50% | 0% |
| Mythology | 6 | 21.67 | 100% | 83% | 33% |
| Painting/Sculpture | 7 | 11.43 | 86% | 29% | 0% |
| Philosophy | 6 | 10.00 | 67% | 33% | 0% |
| Pop Culture | 4 | 20.00 | 100% | 75% | 25% |
| Popular Culture | 1 | 30.00 | 100% | 100% | 100% |
| Religion | 3 | 13.33 | 100% | 33% | 0% |
| Science - Biology | 7 | 24.29 | 100% | 86% | 57% |
| Science - Chemistry | 5 | 12.00 | 100% | 20% | 0% |
| Science - Other Science | 3 | 16.67 | 100% | 67% | 0% |
| Social Science | 2 | 10.00 | 50% | 0% | 50% |